000 00939nam0a2200277 4500
001 RU\NLR\bibl\489366
005 20260601075435.0
010 _a5-17-010370-0
_910000
021 _aRU
_b2003-74299
_93677
035 _a(NLR Aleph) 000482044
090 _a1059926
_c1059926
100 _a20040211d2004 |||y0rusy50 ca
101 1 _arus
_ceng
102 _aRU
105 _ay |||||||||
200 1 _aОборотная сторона полуночи
_e[Роман]
_fСидни Шелдон
_g[Пер. с англ. И.В. Гульянца]
210 _aМ.
_cАСТ
_d2004
215 _a445,[1] с.
_d17
320 _aНа 4-й с. др. произведения авт.
686 _aШ6(7США)67-440.4{Лх1979-50}
700 1 _4070
_8rus
_7ca
_aШелдон
_bС.
_f1917-2007
_gСидни
_3RU\NLR\auth\773774
_9113766
801 0 _aRU
_bNLR
_c20040211
_gPSBO
801 1 _aRU
_bNLR
_c20040211
942 _cBOOK
980 _aNB